Cyanide metabolism and molecular approach to studies on trunk phloem necrosis (Record no. 56685)

MARC details
000 -LEADER
fixed length control field 00715nam a2200217Ia 4500
100 ## - MAIN ENTRY--AUTHOR NAME
Personal name Kongswadworakul
245 #0 - TITLE STATEMENT
Title Cyanide metabolism and molecular approach to studies on trunk phloem necrosis
260 ## - PUBLICATION, DISTRIBUTION, ETC. (IMPRINT)
Name of publisher In: Tapping Panel Dryness of Rubber Trees (Eds.James Jacob; R Krishnakumar and N.M. Mathew) Rubber Research Institute of India, Kottayam, 2006, pp.93-105.
650 ## - SUBJECT ADDED ENTRY--TOPICAL TERM
Topical Term cDNA
650 ## - SUBJECT ADDED ENTRY--TOPICAL TERM
Topical Term Cyanide potential
650 ## - SUBJECT ADDED ENTRY--TOPICAL TERM
Topical Term Gene expression
650 ## - SUBJECT ADDED ENTRY--TOPICAL TERM
Topical Term RS-S junction
650 ## - SUBJECT ADDED ENTRY--TOPICAL TERM
Topical Term Suppression substrative hybridization
650 ## - SUBJECT ADDED ENTRY--TOPICAL TERM
Topical Term TPD
650 ## - SUBJECT ADDED ENTRY--TOPICAL TERM
Topical Term TPN
700 ## - ADDED ENTRY--PERSONAL NAME
Personal name Chrestin H
700 ## - ADDED ENTRY--PERSONAL NAME
Personal name Nandris D
700 ## - ADDED ENTRY--PERSONAL NAME
Personal name Sookmark U
942 ## - ADDED ENTRY ELEMENTS (KOHA)
Koha item type Journals
Holdings
Withdrawn status Lost status Damaged status Not for loan Home library Current library Shelving location Date acquired Koha item type
      Journals RRII Library RRII Library Plant physiology 18/06/2007 Journals